[Event "3. Magistral Copa Benito Roggio B"]
[Site "Asuncion PAR"]
[Date "2010.05.25"]
[Round "5.4"]
[White "Larrea, Manuel"]
[Black "Valiente, Cristobal"]
[Result "1/2-1/2"]
[WhiteElo "2347"]
[BlackElo "2247"]
[PlyCount "122"]
[EventDate "2010.05.20"]
[EventType "tourn"]
[EventRounds "9"]
[EventCountry "PAR"]
[EventCategory "3"]
[Source "lmi"]
[SourceDate "2010.05.20"]

1. d4 d5 2. c4 dxc4 3. e4 e5 4. Nf3 exd4 5. Bxc4 Nc6 6. O-O Be6 7. Bxe6 fxe6 8.
Qb3 Qd7 9. Qxb7 Rb8 10. Qa6 Nf6 11. Nbd2 Be7 12. e5 Nd5 13. Nb3 Nb6 14. Qb5 O-O
15. Rd1 a6 16. Qe2 Rbd8 17. Nfxd4 Nxd4 18. Rxd4 Qb5 19. Qxb5 axb5 20. Rxd8 Rxd8
21. Be3 Nc4 22. Nd4 Rd5 23. b3 Nxe3 24. fxe3 Bc5 25. Nxe6 Bxe3+ 26. Kh1 Rxe5
27. Nxc7 Bb6 28. Na6 Kf7 29. Nb4 Re4 30. Nd5 Ba5 31. g3 g5 32. Rf1+ Kg6 33.
Rf6+ Kg7 34. Ra6 Bd2 35. Nc7 b4 36. Ne6+ Kf7 37. Nd8+ Ke7 38. Nc6+ Kd7 39. Na5
Re2 40. Nc4 Bc3 41. a3 bxa3 42. Rxa3 g4 43. Ra7+ Ke6 44. Rxh7 Bd4 45. h3 Re1+
46. Kg2 Re2+ 47. Kh1 Re1+ 48. Kg2 Re2+ 49. Kf1 Rf2+ 50. Ke1 Rf3 51. Rh4 Rxg3
52. Rxg4 Bc3+ 53. Ke2 Rxh3 54. Ne3 Ba5 55. Kd3 Kd7 56. Rg6 Be1 57. Ke4 Bb4 58.
Kd4 Bc5+ 59. Kxc5 Rxe3 60. Rg7+ Kc8 61. b4 Re6 1/2-1/2

[Event "3. Magistral Copa Benito Roggio B"]
[Site "Asuncion PAR"]
[Date "2010.05.25"]
[Round "5.5"]
[White "Roselli Mailhe, Bernardo"]
[Black "Soppe, Guillermo"]
[Result "1/2-1/2"]
[WhiteElo "2391"]
[BlackElo "2429"]
[PlyCount "30"]
[EventDate "2010.05.20"]
[EventType "tourn"]
[EventRounds "9"]
[EventCountry "PAR"]
[EventCategory "3"]
[Source "lmi"]
[SourceDate "2010.05.20"]

1. d4 d5 2. c4 c6 3. Nf3 Nf6 4. cxd5 cxd5 5. Nc3 Nc6 6. Bf4 a6 7. e3 Bg4 8. Be2
e6 9. Ne5 Bxe2 10. Qxe2 Rc8 11. O-O Be7 12. Nxc6 Rxc6 13. Rfc1 O-O 14. Rc2 Qa5
15. Rac1 Rfc8 1/2-1/2

[Event "3. Magistral Copa Benito Roggio B"]
[Site "Asuncion PAR"]
[Date "2010.05.26"]
[Round "6.1"]
[White "Peralta, Eduardo"]
[Black "Soppe, Guillermo"]
[Result "0-1"]
[WhiteElo "2280"]
[BlackElo "2429"]
[PlyCount "94"]
[EventDate "2010.05.20"]
[EventType "tourn"]
[EventRounds "9"]
[EventCountry "PAR"]
[EventCategory "3"]
[Source "lmi"]
[SourceDate "2010.05.20"]

1. Nf3 d5 2. d4 Nf6 3. c4 e6 4. Nc3 Nbd7 5. e3 a6 6. cxd5 exd5 7. Bd3 Bd6 8.
O-O O-O 9. b3 Re8 10. Bb2 b6 11. Rc1 Bb7 12. Ne2 Ne4 13. Rc2 Qf6 14. Ng3 Nxg3
15. hxg3 Qh6 16. Qe2 Nf6 17. Bc3 Ne4 18. Bxe4 dxe4 19. Nh2 a5 20. Rd1 a4 21. b4
Qg5 22. Bb2 h5 23. Rdc1 Re7 24. a3 Ba6 25. Qd1 Bb5 26. Bc3 Rf8 27. Be1 f5 28.
d5 Qh6 29. Nf1 Rf6 30. Rc6 Rg6 31. R1c2 Qg5 32. Nh2 h4 33. f4 exf3 34. Nxf3 Qg4
35. gxh4 Bxc6 36. dxc6 Rxe3 37. Rf2 Bg3 38. Re2 Bxe1 39. Qd5+ Kh7 40. Ng5+ Rxg5
41. Rxe3 Bxh4 42. Re8 Rg6 43. Qg8+ Kh6 44. Qd5 Qf4 45. Rh8+ Kg5 46. Qd1 Qe3+
47. Kh1 Qe1+ 0-1

[Event "3. Magistral Copa Benito Roggio B"]
[Site "Asuncion PAR"]
[Date "2010.05.26"]
[Round "6.2"]
[White "Valiente, Cristobal"]
[Black "Roselli Mailhe, Bernardo"]
[Result "1/2-1/2"]
[WhiteElo "2247"]
[BlackElo "2391"]
[PlyCount "29"]
[EventDate "2010.05.20"]
[EventType "tourn"]
[EventRounds "9"]
[EventCountry "PAR"]
[EventCategory "3"]
[Source "lmi"]
[SourceDate "2010.05.20"]

1. Nf3 Nf6 2. g3 g6 3. Bg2 Bg7 4. O-O O-O 5. c4 d6 6. Nc3 Nc6 7. Rb1 e5 8. d3
a5 9. a3 h6 10. b4 axb4 11. axb4 Be6 12. b5 Nd4 13. Ne1 Rb8 14. e3 Nf5 15. Bd2
1/2-1/2

[Event "3. Magistral Copa Benito Roggio B"]
[Site "Asuncion PAR"]
[Date "2010.05.26"]
[Round "6.3"]
[White "Almiron, Antonio"]
[Black "Larrea, Manuel"]
[Result "0-1"]
[WhiteElo "2171"]
[BlackElo "2347"]
[PlyCount "52"]
[EventDate "2010.05.20"]
[EventType "tourn"]
[EventRounds "9"]
[EventCountry "PAR"]
[EventCategory "3"]
[Source "lmi"]
[SourceDate "2010.05.20"]

1. e4 c5 2. Nc3 Nc6 3. Bb5 Nd4 4. Bc4 e6 5. Nf3 Nf6 6. O-O a6 7. a4 d5 8. exd5
exd5 9. Re1+ Be6 10. Bf1 Bd6 11. d3 O-O 12. Nxd4 cxd4 13. Ne2 Ng4 14. g3 Qf6
15. f4 h5 16. h3 Ne3 17. Bxe3 dxe3 18. d4 g5 19. Bg2 h4 20. Rf1 hxg3 21. f5
Bxf5 22. Nc3 Qg6 23. Nxd5 Rfe8 24. Qf3 e2 25. Rfe1 Kg7 26. Rxe2 g4 0-1

[Event "3. Magistral Copa Benito Roggio B"]
[Site "Asuncion PAR"]
[Date "2010.05.26"]
[Round "6.4"]
[White "Ferreira, Oscar"]
[Black "Brito, Luismar"]
[Result "1-0"]
[WhiteElo "2282"]
[BlackElo "2343"]
[PlyCount "131"]
[EventDate "2010.05.20"]
[EventType "tourn"]
[EventRounds "9"]
[EventCountry "PAR"]
[EventCategory "3"]
[Source "lmi"]
[SourceDate "2010.05.20"]

1. d4 Nf6 2. Nf3 c5 3. d5 g6 4. Nc3 d6 5. e4 Bg7 6. Bb5+ Bd7 7. a4 O-O 8. Bxd7
Nbxd7 9. O-O a6 10. Re1 Qc7 11. h3 Rab8 12. a5 b5 13. axb6 Rxb6 14. Nd2 Ra8 15.
Qe2 Ne8 16. Nc4 Rb4 17. Na5 Nb8 18. Ra2 Qd7 19. Bd2 Nc7 20. b3 Nb5 21. Na4 Nd4
22. Qd3 Rb5 23. c4 Rb7 24. Nxb7 Qxb7 25. Rb1 Nd7 26. Bc3 Rb8 27. Rab2 g5 28.
Qd1 Qc8 29. b4 h6 30. bxc5 Rxb2 31. Rxb2 dxc5 32. Nb6 Nxb6 33. Rxb6 Qc7 34.
Rxa6 Qf4 35. Ra8+ Kh7 36. Bxd4 Bxd4 37. Qf3 Qc1+ 38. Kh2 Kg7 39. Ra7 Bf6 40. g3
Qxc4 41. Qf5 Qd4 42. e5 Bxe5 43. Rxe7 Bf6 44. Re4 Qd3 45. Rf4 Qc3 46. Rf3 Qe5
47. Qxe5 Bxe5 48. Kg2 c4 49. Kf1 f6 50. Ra3 h5 51. g4 hxg4 52. hxg4 Kf7 53.
Ra7+ Ke8 54. Ke2 Kd8 55. Ke3 c3 56. Kd3 Ke8 57. Ra3 Kd7 58. Rxc3 Kd6 59. Ra3
Kxd5 60. Ra5+ Kd6 61. Ke4 Bc3 62. Ra6+ Ke7 63. Kf5 Bd4 64. f3 Kf7 65. Rd6 Be5
66. Rd7+ 1-0

[Event "3. Magistral Copa Benito Roggio B"]
[Site "Asuncion PAR"]
[Date "2010.05.26"]
[Round "6.5"]
[White "Patriarca, Luis"]
[Black "Zacarias, M Ruben D"]
[Result "1-0"]
[WhiteElo "2304"]
[BlackElo "2213"]
[PlyCount "103"]
[EventDate "2010.05.20"]
[EventType "tourn"]
[EventRounds "9"]
[EventCountry "PAR"]
[EventCategory "3"]
[Source "lmi"]
[SourceDate "2010.05.20"]

1. d4 Nf6 2. c4 c5 3. d5 g6 4. Nc3 d6 5. e4 Bg7 6. Nf3 O-O 7. Be2 e5 8. Nd2 Ne8
9. Nf1 f5 10. h4 Nf6 11. Bg5 h6 12. Bxf6 Qxf6 13. h5 g5 14. Ne3 f4 15. Ng4 Qe7
16. Nh2 Na6 17. Bg4 Nc7 18. Bxc8 Raxc8 19. f3 a6 20. Qe2 Rb8 21. a3 b5 22. Nf1
bxc4 23. Nd1 Nb5 24. Qxc4 Nd4 25. Rc1 g4 26. Rc3 Qg5 27. Rh2 Rb5 28. Kd2 Rfb8
29. Kc1 g3 30. Rh1 Qe7 31. Kb1 Qb7 32. Qa2 Bf6 33. Nd2 Qd7 34. Nc4 Kh7 35. Rd3
Qc7 36. Nc3 Rb3 37. Rc1 Be7 38. Rdd1 a5 39. Rd2 Qa7 40. Ne2 a4 41. Ka1 Qa6 42.
Nxd4 cxd4 43. Rdc2 Bd8 44. Qb1 Kg8 45. Nd2 Rxa3+ 46. bxa3 Rxb1+ 47. Rxb1 Qd3
48. Rbb2 Ba5 49. Rc8+ Kf7 50. Rb7+ Kf6 51. Rf8+ Kg5 52. Rg7+ 1-0

[Event "3. Magistral Copa Benito Roggio B"]
[Site "Asuncion PAR"]
[Date "2010.05.27"]
[Round "7.1"]
[White "Zacarias, M Ruben D"]
[Black "Peralta, Eduardo"]
[Result "1/2-1/2"]
[WhiteElo "2213"]
[BlackElo "2280"]
[PlyCount "154"]
[EventDate "2010.05.20"]
[EventType "tourn"]
[EventRounds "9"]
[EventCountry "PAR"]
[EventCategory "3"]
[Source "lmi"]
[SourceDate "2010.05.20"]

1. e4 c5 2. Nf3 Nc6 3. d4 cxd4 4. Nxd4 g6 5. Nc3 Bg7 6. Be3 Nf6 7. Be2 O-O 8.
Nb3 a5 9. a4 d6 10. O-O Be6 11. f4 Qc8 12. Kh1 Bg4 13. Bf3 Bxf3 14. Rxf3 Qe6
15. Qd3 Nb4 16. Nd4 Nxd3 17. Nxe6 Nf2+ 18. Bxf2 fxe6 19. Bd4 Rac8 20. Rd1 Rc4
21. b3 Rc6 22. e5 Nh5 23. exd6 exd6 24. Bxg7 Nxg7 25. g3 d5 26. Rdd3 h5 27. h3
Rfc8 28. g4 d4 29. Ne2 Rxc2 30. Nxd4 Rb2 31. Rc3 Re8 32. Rfe3 Rd8 33. Rcd3 hxg4
34. hxg4 Kf7 35. Nf3 Rc8 36. Rc3 Rxc3 37. Rxc3 Ne8 38. g5 Nd6 39. Ne5+ Kg7 40.
Rc7+ Kg8 41. Rd7 Ne4 42. Rxb7 Ng3+ 43. Kg1 Ne2+ 44. Kf2 Nxf4+ 45. Kf3 Ne2 46.
Ke3 Nc1 47. Kd4 Nxb3+ 48. Kc3 Re2 49. Rb5 Re3+ 50. Kc4 Nd2+ 51. Kd4 Rg3 52. Nc6
Rxg5 53. Nxa5 Rg4+ 54. Kd3 Rxa4 55. Kxd2 Kg7 56. Ke3 Kf6 57. Nc6 g5 58. Nd4 g4
59. Rb6 Ke5 60. Nxe6 Ra3+ 61. Kf2 g3+ 62. Kg2 Rc3 63. Ng5 Kf5 64. Nf3 Ra3 65.
Rb4 Rc3 66. Kxg3 Ra3 67. Rb5+ Kf6 68. Kf4 Ra4+ 69. Ke3 Ra3+ 70. Ke4 Ra4+ 71.
Nd4 Ra6 72. Rb1 Rd6 73. Rf1+ Kg6 74. Ke5 Ra6 75. Rg1+ Kf7 76. Nf3 Ra5+ 77. Kf4
Kf6 1/2-1/2

[Event "3. Magistral Copa Benito Roggio B"]
[Site "Asuncion PAR"]
[Date "2010.05.27"]
[Round "7.2"]
[White "Brito, Luismar"]
[Black "Patriarca, Luis"]
[Result "1-0"]
[WhiteElo "2343"]
[BlackElo "2304"]
[PlyCount "95"]
[EventDate "2010.05.20"]
[EventType "tourn"]
[EventRounds "9"]
[EventCountry "PAR"]
[EventCategory "3"]
[Source "lmi"]
[SourceDate "2010.05.20"]

1. e4 c6 2. d4 d5 3. Nd2 dxe4 4. Nxe4 Bf5 5. Ng3 Bg6 6. h4 h6 7. h5 Bh7 8. Nf3
Nd7 9. Bd3 Bxd3 10. Qxd3 Qc7 11. Bd2 e6 12. Ne4 Ngf6 13. O-O-O O-O-O 14. Kb1
Nc5 15. Nxc5 Bxc5 16. Rh4 Qe7 17. Qe2 Bb6 18. g3 Rd5 19. Rdh1 Kb8 20. c4 Rdd8
21. Bc3 Rhe8 22. Re1 Qf8 23. b4 Bc7 24. Qb2 a6 25. a4 Rc8 26. a5 Qg8 27. Ne5
Red8 28. f4 Nd7 29. Qc2 Nxe5 30. fxe5 f5 31. g4 Rf8 32. Rg1 Bd8 33. Rh2 Bg5 34.
Bd2 Bxd2 35. Rxd2 Rf7 36. g5 hxg5 37. Rxg5 Qf8 38. Qc3 Qe7 39. Rgg2 f4 40. Rdf2
Rh8 41. Rg4 Rxh5 42. Rgxf4 Rxf4 43. Rxf4 Qg5 44. Rf8+ Ka7 45. b5 axb5 46. cxb5
Qg1+ 47. Kb2 Qg2+ 48. Ka3 1-0

[Event "3. Magistral Copa Benito Roggio B"]
[Site "Asuncion PAR"]
[Date "2010.05.27"]
[Round "7.3"]
[White "Larrea, Manuel"]
[Black "Ferreira, Oscar"]
[Result "0-1"]
[WhiteElo "2347"]
[BlackElo "2282"]
[PlyCount "96"]
[EventDate "2010.05.20"]
[EventType "tourn"]
[EventRounds "9"]
[EventCountry "PAR"]
[EventCategory "3"]
[Source "lmi"]
[SourceDate "2010.05.20"]

1. c4 Nf6 2. Nc3 g6 3. e4 d6 4. d4 Bg7 5. f4 O-O 6. Nf3 c5 7. dxc5 Qa5 8. Bd3
Qxc5 9. Qe2 Bg4 10. Be3 Qa5 11. O-O Nc6 12. Rac1 Nd7 13. a3 Rfc8 14. Qf2 Bxf3
15. gxf3 Nc5 16. Bb1 Nb3 17. Rcd1 Bxc3 18. Rd5 Nc5 19. bxc3 Qxc3 20. h4 Nd7 21.
h5 Nf6 22. hxg6 Nxd5 23. gxh7+ Kh8 24. exd5 Qg7+ 25. Kh1 Qh6+ 26. Kg1 Rg8+ 27.
hxg8=Q+ Rxg8+ 28. Qg2 Rxg2+ 29. Kxg2 Qg7+ 30. Kf2 Qb2+ 31. Kg3 Nd4 32. Rh1+ Kg8
33. Bh7+ Kf8 34. Rb1 Qc3 35. Kf2 Qxc4 36. Rb2 b5 37. Rd2 Nb3 38. Rc2 Qxd5 39.
Be4 Qh5 40. Bxa7 Nc5 41. Ke3 Qh1 42. f5 Qg1+ 43. Ke2 Qh2+ 44. Ke3 Qe5 45. Bb6
e6 46. f6 Qxf6 47. Bxc5 Qg5+ 48. f4 Qg1+ 0-1

[Event "3. Magistral Copa Benito Roggio B"]
[Site "Asuncion PAR"]
[Date "2010.05.27"]
[Round "7.4"]
[White "Roselli Mailhe, Bernardo"]
[Black "Almiron, Antonio"]
[Result "1/2-1/2"]
[WhiteElo "2391"]
[BlackElo "2171"]
[PlyCount "176"]
[EventDate "2010.05.20"]
[EventType "tourn"]
[EventRounds "9"]
[EventCountry "PAR"]
[EventCategory "3"]
[Source "lmi"]
[SourceDate "2010.05.20"]

1. d4 Nf6 2. c4 c5 3. d5 e6 4. Nc3 exd5 5. cxd5 d6 6. Nf3 g6 7. Nd2 Bg7 8. Nc4
O-O 9. Bg5 h6 10. Bh4 b6 11. e3 Ba6 12. a4 Bxc4 13. Bxc4 Nbd7 14. O-O Qe7 15.
Rc1 Rfe8 16. b3 g5 17. Bg3 h5 18. Nb5 Ne4 19. Qxh5 a6 20. Na3 Bb2 21. Nc2 Bxc1
22. Rxc1 Ndf6 23. Qe2 b5 24. axb5 axb5 25. Bxb5 Nc3 26. Qd3 Nxb5 27. Qxb5 Nxd5
28. Qd3 Qe4 29. Qxe4 Rxe4 30. Bxd6 Re6 31. Bxc5 Rc6 32. Ne1 Rac8 33. Nd3 Nb4
34. Nxb4 Rxc5 35. Rf1 Rb5 36. Nd3 Rxb3 37. Ne5 Rb2 38. Nf3 f6 39. Nd4 Ra8 40.
g4 Raa2 41. Kg2 Kf7 42. Kg3 Kg6 43. h3 Rd2 44. Nf5 Rab2 45. Kf3 Ra2 46. Ng3 Rd8
47. Rc1 Rh8 48. Kg2 Re8 49. Rc7 Re5 50. Nf5 Rxf5 51. gxf5+ Kxf5 52. Kf3 Ra5 53.
Rc4 Ra3 54. h4 Ra5 55. Rb4 gxh4 56. Rxh4 Ke6 57. Rb4 Kf5 58. Kg3 Re5 59. Rb6
Ra5 60. f3 Rc5 61. Rb8 Ra5 62. Rg8 Ra1 63. e4+ Ke6 64. Kf4 Ra5 65. Rd8 Rb5 66.
Ra8 Ke7 67. Ra6 Kf7 68. Kg4 Rg5+ 69. Kf4 Rb5 70. Rd6 Ke7 71. Rd5 Rb3 72. Kg4
Ke6 73. Ra5 Rb1 74. Ra6+ Ke7 75. f4 Rb5 76. Ra7+ Kd6 77. f5 Rb1 78. Rf7 Ke5 79.
Re7+ Kd4 80. Re6 Rg1+ 81. Kf3 Rf1+ 82. Kg3 Ke3 83. e5 Rf3+ 84. Kg2 Rxf5 85.
exf6+ Kf4 86. Kh3 Kg5 87. Kg3 Rxf6 88. Rxf6 Kxf6 1/2-1/2

[Event "3. Magistral Copa Benito Roggio B"]
[Site "Asuncion PAR"]
[Date "2010.05.27"]
[Round "7.5"]
[White "Soppe, Guillermo"]
[Black "Valiente, Cristobal"]
[Result "1/2-1/2"]
[WhiteElo "2429"]
[BlackElo "2247"]
[PlyCount "48"]
[EventDate "2010.05.20"]
[EventType "tourn"]
[EventRounds "9"]
[EventCountry "PAR"]
[EventCategory "3"]
[Source "lmi"]
[SourceDate "2010.05.20"]

1. d4 e6 2. Nf3 c5 3. e3 Nf6 4. Bd3 b6 5. O-O Bb7 6. b3 Be7 7. Bb2 O-O 8. Nbd2
Nc6 9. a3 Qc7 10. c4 d5 11. cxd5 exd5 12. Rc1 Rad8 13. Qc2 g6 14. Qb1 Qb8 15.
Qa1 Nd7 16. Rfd1 Bf6 17. dxc5 Bxb2 18. Qxb2 bxc5 19. Bb5 a6 20. Bf1 Rfe8 21. h3
Qd6 22. b4 cxb4 23. axb4 Rb8 24. Rb1 Bc8 1/2-1/2

[Event "3. Magistral Copa Benito Roggio B"]
[Site "Asuncion PAR"]
[Date "2010.05.28"]
[Round "8.1"]
[White "Peralta, Eduardo"]
[Black "Valiente, Cristobal"]
[Result "1/2-1/2"]
[WhiteElo "2280"]
[BlackElo "2247"]
[PlyCount "54"]
[EventDate "2010.05.20"]
[EventType "tourn"]
[EventRounds "9"]
[EventCountry "PAR"]
[EventCategory "3"]
[Source "lmi"]
[SourceDate "2010.05.20"]

1. e4 c5 2. Nc3 d6 3. f4 g6 4. Nf3 Bg7 5. d3 e6 6. g3 Ne7 7. Bg2 Nbc6 8. O-O
O-O 9. Be3 Nd4 10. e5 Nef5 11. Bf2 Nxf3+ 12. Bxf3 Nd4 13. Bg2 dxe5 14. fxe5 Rb8
15. Ne4 b6 16. c3 Nf5 17. Nf6+ Kh8 18. g4 Ne7 19. Bh4 Ng8 20. Qe2 Bb7 21. Bxb7
Rxb7 22. Rf3 Bxf6 23. exf6 Qd5 24. Raf1 h6 25. Rh3 Rd8 26. c4 Qd4+ 27. Bf2 Qxf6
1/2-1/2

[Event "3. Magistral Copa Benito Roggio B"]
[Site "Asuncion PAR"]
[Date "2010.05.28"]
[Round "8.3"]
[White "Ferreira, Oscar"]
[Black "Roselli Mailhe, Bernardo"]
[Result "0-1"]
[WhiteElo "2282"]
[BlackElo "2391"]
[PlyCount "48"]
[EventDate "2010.05.20"]
[EventType "tourn"]
[EventRounds "9"]
[EventCountry "PAR"]
[EventCategory "3"]
[Source "lmi"]
[SourceDate "2010.05.20"]

1. d4 Nf6 2. Nf3 g6 3. c4 Bg7 4. g3 O-O 5. Bg2 d6 6. O-O Nc6 7. Nc3 a6 8. h3
Rb8 9. Be3 Bd7 10. Rc1 e6 11. d5 Ne7 12. dxe6 fxe6 13. Nd4 b5 14. cxb5 axb5 15.
b4 Qe8 16. Nb3 Bc6 17. Nd4 Bxg2 18. Kxg2 Ned5 19. Nxd5 Nxd5 20. Qd2 Ra8 21.
Rfd1 Ra3 22. Nb3 Qa8 23. Kg1 Rxa2 24. Qd3 Ra3 0-1

[Event "3. Magistral Copa Benito Roggio B"]
[Site "Asuncion PAR"]
[Date "2010.05.28"]
[Round "8.4"]
[White "Patriarca, Luis"]
[Black "Larrea, Manuel"]
[Result "1-0"]
[WhiteElo "2304"]
[BlackElo "2347"]
[PlyCount "41"]
[EventDate "2010.05.20"]
[EventType "tourn"]
[EventRounds "9"]
[EventCountry "PAR"]
[EventCategory "3"]
[Source "lmi"]
[SourceDate "2010.05.20"]

1. c4 c5 2. Nc3 b6 3. e4 Bb7 4. g3 d6 5. Bg2 Nd7 6. Nge2 a6 7. O-O e6 8. b3
Ngf6 9. d4 cxd4 10. Nxd4 Qc7 11. Bb2 Be7 12. Rc1 O-O 13. Qe2 Rfe8 14. Rfd1 Rac8
15. Nc2 Qb8 16. Ne3 Qa8 17. Nf1 Nc5 18. Nd2 Bf8 19. Re1 Rcd8 20. Rcd1 Rd7 21.
b4 1-0

[Event "3. Magistral Copa Benito Roggio B"]
[Site "Asuncion PAR"]
[Date "2010.05.28"]
[Round "8.5"]
[White "Zacarias, M Ruben D"]
[Black "Brito, Luismar"]
[Result "0-1"]
[WhiteElo "2213"]
[BlackElo "2343"]
[PlyCount "58"]
[EventDate "2010.05.20"]
[EventType "tourn"]
[EventRounds "9"]
[EventCountry "PAR"]
[EventCategory "3"]
[Source "lmi"]
[SourceDate "2010.05.20"]

1. e4 c5 2. Nf3 d6 3. d4 cxd4 4. Nxd4 Nf6 5. Nc3 a6 6. Bg5 e6 7. f4 Be7 8. Qf3
h6 9. Bh4 Qc7 10. O-O-O Nbd7 11. g4 g5 12. e5 dxe5 13. fxg5 hxg5 14. Bg3 Qb6
15. Nb3 Qc6 16. Qe2 Nd5 17. Nxd5 exd5 18. Bxe5 Nxe5 19. Qxe5 Qf6 20. Rxd5 Be6
21. Ra5 Qxe5 22. Rxe5 O-O-O 23. Be2 Bd6 24. Ra5 Bxh2 25. Kb1 Bc7 26. Rxh8 Rxh8
27. Rc5 Rh1+ 28. Nc1 Kb8 29. Bf3 Rg1 0-1

[Event "3. Magistral Copa Benito Roggio B"]
[Site "Asuncion PAR"]
[Date "2010.05.29"]
[Round "9.1"]
[White "Brito, Luismar"]
[Black "Peralta, Eduardo"]
[Result "1/2-1/2"]
[WhiteElo "2343"]
[BlackElo "2280"]
[PlyCount "82"]
[EventDate "2010.05.20"]
[EventType "tourn"]
[EventRounds "9"]
[EventCountry "PAR"]
[EventCategory "3"]
[Source "lmi"]
[SourceDate "2010.05.20"]

1. e4 c5 2. Nf3 d6 3. d4 cxd4 4. Nxd4 Nf6 5. Nc3 Nc6 6. Bg5 e6 7. Qd2 Be7 8.
O-O-O O-O 9. f3 a6 10. Kb1 Qc7 11. h4 Rd8 12. g4 Nxd4 13. Qxd4 b5 14. Qd2 b4
15. Ne2 e5 16. Bxf6 Bxf6 17. Ng3 Bb7 18. Bd3 a5 19. g5 Be7 20. h5 d5 21. g6 h6
22. gxf7+ Kh8 23. Qe1 Bg5 24. Nf5 Qxf7 25. Nh4 Bxh4 26. Qxh4 a4 27. Rhg1 b3 28.
a3 Rac8 29. cxb3 axb3 30. Qg4 dxe4 31. Bxe4 Rxd1+ 32. Rxd1 Bxe4+ 33. Qxe4 Qxh5
34. Qd3 Qf7 35. Re1 Qg8 36. Re3 Rb8 37. Qd1 Qe6 38. Qd3 Qh3 39. Qd1 Qe6 40. Qd3
Qh3 41. Qd1 Qe6 1/2-1/2

[Event "3. Magistral Copa Benito Roggio B"]
[Site "Asuncion PAR"]
[Date "2010.05.29"]
[Round "9.2"]
[White "Larrea, Manuel"]
[Black "Zacarias, M Ruben D"]
[Result "1/2-1/2"]
[WhiteElo "2347"]
[BlackElo "2213"]
[PlyCount "165"]
[EventDate "2010.05.20"]
[EventType "tourn"]
[EventRounds "9"]
[EventCountry "PAR"]
[EventCategory "3"]
[Source "lmi"]
[SourceDate "2010.05.20"]

1. e4 e6 2. d4 d5 3. Nc3 Nf6 4. e5 Nfd7 5. f4 c5 6. Nf3 Nc6 7. dxc5 Bxc5 8. Bd3
a6 9. Qe2 b5 10. Bd2 Nd4 11. Nxd4 Bxd4 12. Qg4 g6 13. O-O-O Nc5 14. Kb1 Nxd3
15. cxd3 Qb6 16. h4 h5 17. Qf3 Bb7 18. Ne2 Bc5 19. b4 Be7 20. Rc1 Kd7 21. Bc3
Rhc8 22. Bd4 Qd8 23. Bc5 a5 24. Nd4 axb4 25. Nb3 Ra3 26. Qf2 d4 27. Bxd4 Rca8
28. Bb6 Qb8 29. Rc7+ Ke8 30. Qd4 Bd5 31. Rhc1 Bd8 32. Rc8 Qxc8 33. Rxc8 Rxc8
34. Bxd8 Rxd8 35. Qxb4 Rda8 36. Nd4 R8a4 37. Qc5 Rxd4 38. Qxd4 Rxa2 39. g3 Rg2
40. Qa7 Kf8 41. f5 gxf5 42. Qe3 b4 43. Qc5+ Kg7 44. Qe3 b3 45. Qg5+ Kf8 46.
Qxh5 Rg1+ 47. Kb2 Rg2+ 48. Kc3 b2 49. Qh8+ Ke7 50. Qb8 Bf3 51. Kd4 Bh5 52. Qb4+
Ke8 53. Kc5 Kf8 54. Kd6 Rxg3 55. Qb8+ Kg7 56. Qxb2 Rxd3+ 57. Ke7 Rg3 58. Qb8 f4
59. Qb4 Rg4 60. Qe1 f3 61. Qf2 Rg2 62. Qf1 Kg6 63. Qb1+ Kg7 64. Qf1 Bg4 65. Qc1
Bh5 66. Qf1 Bg4 67. Qc1 f2 68. Qg5+ Kh7 69. Kf8 Bf3 70. Qc1 Be4 71. Qf1 Rh2 72.
Kxf7 Bf5 73. Qd1 Rxh4 74. Kf6 Rh6+ 75. Kf7 Bg6+ 76. Kf8 Rh5 77. Qd7+ Kh6 78.
Qg7+ Kg5 79. Qf6+ Kh6 80. Qh8+ Kg5 81. Qf6+ Kh6 82. Qh8+ Kg5 83. Qf6+ 1/2-1/2

[Event "3. Magistral Copa Benito Roggio B"]
[Site "Asuncion PAR"]
[Date "2010.05.29"]
[Round "9.5"]
[White "Valiente, Cristobal"]
[Black "Almiron, Antonio"]
[Result "1/2-1/2"]
[WhiteElo "2247"]
[BlackElo "2171"]
[PlyCount "29"]
[EventDate "2010.05.20"]
[EventType "tourn"]
[EventRounds "9"]
[EventCountry "PAR"]
[EventCategory "3"]
[Source "lmi"]
[SourceDate "2010.05.20"]

1. Nf3 Nf6 2. g3 g6 3. Bg2 Bg7 4. O-O O-O 5. d4 d6 6. Nc3 Nbd7 7. e4 e5 8. h3
exd4 9. Nxd4 c6 10. Re1 Re8 11. Nb3 Qc7 12. a4 a5 13. Kh2 Ne5 14. Nd2 Be6 15.
Qe2 1/2-1/2